000
00342nam a2200133Ia 4500
008
231129s1993||||xx |||||||||||||| ||spa||
020
_a
968-24-4497-7
040
_b
spa
082
_a
530 M965
245
0
_a
El mundo de la física 2
260
_c
1993
264
_a
Trillas : Anuies
942
_2
ddc
_c
BKS
999
_c
11776
_d
11776